Sports by Letter - O - Statistics

General Stats
  • This quiz has been taken 101 times
  • The average score is 12 of 20
Answer Stats
Hint Answer % Correct
Athletic competition first held in 776 B.C. Olympics
95%
Last name of Mr. Shaquille O'Neal
89%
An additional period of play implemented to avoid declaring the match a tie or drawin various sports, especially team sports Overtime
86%
Won 4 gold medals in 1936 in Berlin Jesse Owens
77%
Sports cliche: The best defense is a good _______ Offence
77%
Tennis champion Naomi Osaka
72%
Edmonton's NHL team Oilers
71%
The Grand Slam era in tennis since 1968 {Open} Era
63%
Manchester United football stadium Old Trafford
61%
Island where karate originated Okinawa
60%
Skateboarding trick where the front wheels leave the ground first Ollie
55%
Baltimore's MLB team Orioles
55%
London cricket ground The {Oval}
55%
Where MLB's Athletics are based Oakland
53%
A forward in soccer could be in this position that is in Law 11 Offside
51%
Navigating sport in which the control points on ground are "flags" that look like this:
{Orient}eering
42%
All-time NBA blocks leader Hakeem Olajuwon
36%
Ice hockey player with the all-time highest goal scores Alex Ovechkin
33%
Where the next batter stands in baseball after the batter's box {On}-{deck} circle
33%
Greatest snooker player ever Ronnie O'Sullivan
31%
No matching quizzes found
Score Distribution
Percent of People with Each Score
Percentile by Number Answered
Your Score History
You have not taken this quiz